| 000 -CABECERA |
| fixed length control field |
01908nam a22002537a 4500 |
| 003 - IDENTIFICADOR DEL NÚMERO DE CONTROL |
| control field |
AR-CdUCM |
| 008 - DATOS DE LONGITUD FIJA--INFORMACIÓN GENERAL |
| fixed length control field |
190429b ||||| |||| 00| 0 spa d |
| 040 ## - FUENTE DE LA CATALOGACIÓN |
| Agencia/entidad que catalogó originalmente la obra |
MUNICIPALIDAD PROVINCIAL DEL CUSCO |
| Entidad que transcribió la catalogación |
BIBLIOTECA MUNICIPAL DEL CUSCO |
| 082 ## - NÚMERO DE LA CLASIFICACIÓN DECIMAL DEWEY |
| No. de Clasificación |
Cuzco/N°3/1941 |
| 245 ## - MENCIÓN DE TÍTULO |
| Título |
Revista Cuzco : |
| Resto del título |
publicación mensual / |
| Mención de responsabilidad |
Ángel G. Appiani S. director y fundador |
| 260 ## - PUBLICACIÓN, DISTRIBUCIÓN, ETC. |
| Lugar de publicación, distribución, etc. |
Cuzco : |
| Nombre de la editorial, distribuidor, etc. |
H.G. Rozas, |
| Fecha de publicación, distribución, etc. |
1941. |
| 300 ## - DESCRIPCIÓN FÍSICA |
| Nº de Páginas Extensión |
40 páginas. : |
| Otros detalles físicos |
ilustraciones ; |
| Dimensiones |
34 cm. |
| 440 ## - MENCIÓN DE SERIE/PUNTO DE ACCESO ADICIONAL--TÍTULO |
| Título |
Cuzco revista mensual. |
| Número de la parte/sección de una obra |
Año I, N°3, agosto, setiembre, octubre 1941. |
| 9 (RLIN) |
47470 |
| 505 ## - NOTA DE CONTENIDO CON FORMATO |
| Nota de contenido formateada |
Contenido: Homenaje a los caidos en defensa de la patria. -- Concurso Cuzco y Patria. -- CXX Aniversario patrio. Román Saavedra. -- Henri Barbusse. -- Tres escritores peruanos. José Carmen Mendoza. -- El folklore nacional. -- Infantes de conducta incorrecta. -- Viñetas kechuas. -- Cusqueños en la contienda con el Ecuador. -- Algunos poetas cuzqueños. Antenor Samaniego. -- Niños del Kollao. José Portugal Catacora. -- La epidemia paludica de la Convención y Lares, podrá desaparecer definitivamente de aquellas regiones. -- Interpretación de algunos elementos estéticos. Abraham Vizcarra Rozas. -- Provincias del Cuzco. Quispicanchi. -- Willca Llaccta. -- El valor de la meteorología en la agricultura. Luis Olazo. -- Panamericanismo. Peter Brouse. -- Recordando a Edmundo Guevara Velazco. -- Garcilaso y su conmemoración. -- Las fiestas de la primavera en el Cuzco. -- Las reinas del Perú de los Incas según Guamán Poma de Ayala. -- María Angola la campana símbolo. Juvenal Jara. -- Periodismo local. |
| 650 ## - PUNTO DE ACCESO ADICIONAL DE MATERIA--TÉRMINO DE MATERIA |
| Descriptor |
Historia del Cusco |
| 9 (RLIN) |
1714 |
| 650 ## - PUNTO DE ACCESO ADICIONAL DE MATERIA--TÉRMINO DE MATERIA |
| Descriptor |
Literatura cusqueña |
| 9 (RLIN) |
47467 |
| 650 ## - PUNTO DE ACCESO ADICIONAL DE MATERIA--TÉRMINO DE MATERIA |
| Descriptor |
Poesía cusqueña |
| 9 (RLIN) |
2323 |
| 650 ## - PUNTO DE ACCESO ADICIONAL DE MATERIA--TÉRMINO DE MATERIA |
| Descriptor |
Siglo XX |
| 9 (RLIN) |
47468 |
| 700 ## - PUNTO DE ACCESO ADICIONAL--NOMBRE DE PERSONA |
| Nombre Personal |
Mendoza, José Carmen |
| 9 (RLIN) |
47471 |
| 700 ## - PUNTO DE ACCESO ADICIONAL--NOMBRE DE PERSONA |
| Nombre Personal |
Saavedra, Román |
| 9 (RLIN) |
47472 |
| 700 ## - PUNTO DE ACCESO ADICIONAL--NOMBRE DE PERSONA |
| Nombre Personal |
Guevara Velazco, Edmundo |
| 9 (RLIN) |
47473 |
| 942 ## - ELEMENTOS DE PUNTO DE ACCESO ADICIONAL (KOHA) |
| Fuente de clasificación |
|
| Tipo de item |
Revistas cusqueñas |
| 945 ## - PROCESAMIENTO DE INFORMACIÓN LOCAL (OCLC) |
| Catalogador |
rac |